| 000 | 00570nam a2200217Ia 4500 | ||
|---|---|---|---|
| 005 | 20241129104205.0 | ||
| 008 | 241129s9999||||xx |||||||||||||| ||und|| | ||
| 020 | _a9781608464890 | ||
| 037 | _aTextual | ||
| 040 |
_aRTL _beng _cRTL |
||
| 041 |
_aeng _2eng |
||
| 084 |
_aY49 Q4 _qRTL |
||
| 100 |
_aBrass Tom _920234 |
||
| 245 | 0 |
_aClass culture and the agrarian myth _cBrass Tom |
|
| 260 |
_aChicago _bHaymarket Brakes _c2014 |
||
| 300 | _a447p. | ||
| 365 |
_aINR _b2979 |
||
| 650 | _aSociology | ||
| 942 |
_cTB _hY49 Q4 |
||
| 999 |
_c1224807 _d1224807 |
||